000 00646nam a22001577a 4500
003 OSt
005 20151001101631.0
008 151001b xxu||||| |||| 00| 0 eng d
040 _cRUA
082 _aAVM ប្រាក់​ 1989 B065 Or.1
100 _91657
_aប្រាក់​ សុមាធី
245 _aឥទ្ធិពលចំណីលាយទង់ដែង ទៅលើការផលិតសាច់ និង​ សន្ទស្សន៍ឈាមរបស់កូនជ្រូក ក្នុងរយៈពេលបំប៉ន
260 _aPhnom Penh
_bRUA
_c1989
300 _a79p.
_bill.
_c29cm.
942 _2ddc
_cAVM
999 _c1564
_d1564